| 000 | 00366nam a22001577a 4500 | ||
|---|---|---|---|
| 003 | SGT | ||
| 020 | _a9781543345353 | ||
| 082 |
_a615 _bS22K |
||
| 100 | _aKHURANA, S.P.S | ||
| 245 | _aNEW APPROUCH TO SOCIAL PHARMACY | ||
| 260 |
_aPUNJAB _bS. VIKASH _c2022 |
||
| 300 | _a2022 | ||
| 650 | _aSOCIAL PHARMACY | ||
| 653 | _aAPPROUCH, SOCIAL, PHARMACY | ||
| 942 |
_2ddc _cBK |
||
| 999 |
_c26403 _d26403 |
||